00856nam a2200241 i 4500003000900000005001700009008004100026020001500067040004300082041000800125082001900133245011900152264004100271300002300312336002400335337002800359338004300387504004900430546002400479650002400503700003000527856005700557EG-GICUC20260126131627.0260125s1988 ru ||fr|||| 00| 0 eng d a5010004925 aEG-GiCUCbengcEG-GiCUCdEG-GiCUCeRda 0aeng04221a341.28bNA10aNamibia :bA Struggle For Independence A Collection Of Articles Documents And Speeches /cCompiled By Y. Gorbunov. 1aMoscow :bProgress Publisher,c1988. a182 page,c 24 cm. 2rda contenua texte 2rda mediasaOrdinateur 2 transporteur rdaa Ressource en ligne acomprend des références bibliographiques aTexte en français14aternational Public 1 aGorbunov, Y. eCompiler.40uhttps://fll.law.cu.edu.eg/fulltext/bks/B11-06647.pdf